[Event "Baku FIDE GP"]
[Site "Baku"]
[Date "2014.10.13"]
[Round "10"]
[White "Tomashevsky, Evgeny"]
[Black "Andreikin, Dmitry"]
[Result "1-0"]
[WhiteElo "2701"]
[BlackElo "2722"]
[Annotator "RR"]
[PlyCount "81"]
[EventDate "2014.10.02"]
[EventType "tourn"]
[EventRounds "11"]
[EventCountry "AZE"]
[EventCategory "21"]
[SourceTitle "CBM 163"]
[Source "ChessBase"]
[SourceDate "2014.11.11"]
[SourceVersion "1"]
[SourceVersionDate "2014.11.11"]
[SourceQuality "1"]

1. d4 d5 2. c4 c6 3. Nf3 Nf6 4. Nc3 dxc4 5. a4 Bf5 6. Ne5 Na6 {It looks as
White can get now an advantage quite easily. But in practice Black has had
nice results.} 7. e3 $1 (7. f3 Nd7 $1) 7... Nb4 8. Bxc4 e6 (8... Nc2+ $4 9.
Qxc2 Bxc2 10. Bxf7#) 9. O-O Bd6 ({In earlier years} 9... Be7 {was more popular.
}) 10. Qe2 h6 $1 (10... O-O $4 11. e4 Bg6 12. Nxg6 hxg6 13. e5 $18) (10... Nc2
11. Rb1 Nd5 ({Cramling's pet move} 11... Bxe5 $2 {finally was refuted:} 12.
dxe5 Ng4 13. e4 $1 Nd4 14. Qd3 $1 Nxe5 15. Qg3 $16) 12. Bxd5 exd5 13. g4 Bg6
14. f4 Nb4 15. f5 f6 16. fxg6 fxe5 17. e4 Qb6 18. Bg5 $16) 11. e4 $14 Bh7 {
Compared to the Classical Slav (D19 with 9.Qe2) White got the advance e3-e4
for free. Still it's not easy to prove superiority. Black plans c6-c5 after
castling and there is not much White can do against it.} 12. Rd1 ({With} 12. f4
Bc7 13. Be3 O-O 14. f5 {the game could take another course, however there is
an almost forced line leading to equality:} exf5 15. Nxf7 Rxf7 16. Bxf7+ Kxf7
17. Qc4+ Nbd5 18. exd5 Bxh2+ 19. Kxh2 Ng4+ 20. Kg1 Nxe3 21. Qb4 Nxf1 22. Qxb7+
Kg8 23. Rxf1 cxd5 $11) ({An as yet unplayed idea to fight against ...c5 goes} 
12. Bb3 O-O 13. Nc4 Bc7 14. Rd1 Qe7 15. f3 Nd7 16. Be3 {and White should be
better.}) 12... O-O 13. Bf4 Qe7 14. Bg3 a6 {Now Black is ready for ...c5.} 15.
Bh4 $5 {White forces ...g5, but Black has no big problems with this weakness.}
g5 16. Bg3 c5 17. dxc5 Bxc5 18. Kh1 Rad8 19. f4 Bd4 $5 {This move loses a pawn
and although Black gets compensation he could play} (19... Nd7 20. Nxd7 Rxd7
21. Rxd7 Qxd7 {when the position should be balanced.}) 20. fxg5 hxg5 21. Nf3 $1
{[%cal Rf3d4,Rf3g5] Double attack!} Nc6 $1 22. Nxg5 Bg6 23. Rf1 Bh5 $2 ({After
} 23... Be5 $1 {Black is okay:} 24. Bh4 $1 (24. Bxe5 Nxe5 25. Bb3 Kg7 $44 {/=/+
}) 24... Nd4 $1 (24... Kg7 25. Nf3 Rh8 26. Qe1 $14) 25. Qe3 Qc7 $1 {[%cal
Rc7c4]} (25... Nc2 $2 26. Qh3 Nxa1 27. Nf3 $1 Bf4 28. g3 Bc7 29. e5 $18) 26.
Nf3 $1 Ng4 $13) 24. Qe1 Ng4 25. Nf3 $1 Bg7 26. h3 Nge5 27. Nxe5 Nxe5 28. Be2 (
28. Bh4 $1 f6 29. Ba2 $16) 28... Nd3 $2 (28... Bxe2) 29. Bxd3 $2 (29. Bh4 $1
$18) 29... Rxd3 30. Bh4 Qb4 (30... Qc5 $1) 31. Bf6 $14 Rc8 $6 32. Bxg7 Kxg7 33.
Qh4 Bg6 34. Rf2 Qd4 $6 (34... Rh8 35. Qf6+ Kg8 $16) 35. Raf1 $18 Qe5 36. Qe7
Qh5 37. Kg1 Qc5 38. Qxb7 Rh8 39. Qxa6 Rd2 40. Qb5 Qd4 41. Qg5 1-0

[Event "Qatar Masters op"]
[Site "Doha"]
[Date "2014.11.27"]
[Round "2"]
[White "Tomashevsky, Evgeny"]
[Black "Lenderman, Aleksandr"]
[Result "1-0"]
[WhiteElo "2714"]
[BlackElo "2598"]
[Annotator "Postny,E"]
[PlyCount "93"]
[EventDate "2014.11.26"]
[EventType "swiss"]
[EventRounds "9"]
[EventCountry "QAT"]
[SourceTitle "CBM 164"]
[Source "ChessBase"]
[SourceDate "2015.01.15"]
[SourceVersion "1"]
[SourceVersionDate "2015.01.15"]
[SourceQuality "1"]

1. d4 Nf6 2. c4 e6 3. Nc3 Bb4 4. e3 O-O 5. Bd3 d5 6. Nf3 c5 7. O-O cxd4 8. exd4
dxc4 9. Bxc4 {This standard position may arise from two very different
openings: the Panov Attack in the Caro-Kann and the Nimzo-Indian as in the
current game.} b6 10. Bg5 Bb7 11. Qe2 (11. Ne5 {is an attempt to spoil Black's
kingside structure, but leads to a theoretical draw after} Bxc3 12. bxc3 Nbd7
13. Nxd7 Qxd7 14. Bxf6 gxf6 15. d5 Bxd5 16. Qg4+ Kh8 17. Qh4 Bxc4 18. Qxf6+ Kg8
19. Qg5+ Kh8 {1/2-1/2 (19) Shirov,A (2691)-Giri,A (2768) Hoogeveen 2014}) 11...
Bxc3 {Black normally gives up the bishop, but does not necessarily have to
doso immediately. Anand chose 11...Nbd7 in the World Championship match,
though he had to suffer a bit.} (11... Nbd7 12. Rac1 Rc8 13. Bd3 Bxc3 14. bxc3
Qc7 15. c4 Bxf3 16. Qxf3 Rfe8 17. Rfd1 $14 {1/2-1/2 (49) Gelfand,B (2727)
-Anand,V (2791) Moscow 2012}) 12. bxc3 Nbd7 13. Nd2 $5 {This is a rare
manoeuvre. Normally this knight heads towards e5.} (13. Rac1 Qc7 14. Bd3 Ng4
15. Be4 Bxe4 16. Qxe4 Ngf6 17. Qe2 Rac8 18. c4 h6 19. Bh4 Qb7 20. Rfe1 Rfe8 $11
{1/2-1/2 (50) Radjabov,T (2793)-Kramnik,V (2810) London 2013}) (13. Ne5 Rc8 (
13... Qc7 14. Nxd7 Nxd7 15. Rac1 Rfe8 16. Rfe1 Nf8 17. Bd3 Rac8 18. Qg4 Qd6 19.
h4 f5 20. Qf4 Qxf4 21. Bxf4 Ng6 22. Bg3 Kf7 $11 {1/2-1/2 (36) Peralta,F (2574)
-Banikas,H (2644) Tromso 2014}) 14. Rac1 Nxe5 15. dxe5 Rc5 16. f4 $2 Rxc4 $1
17. exf6 (17. Qxc4 $2 Qd2 $19) 17... g6 18. Rfd1 Qc7 $17 {0-1 (43) Hawkins,J 
(2546)-Kramnik,V (2760) London 2014}) 13... Qc7 14. Rac1 Rfe8 15. Rfe1 Rac8 ({
In the event of} 15... e5 $6 16. Bxf6 {Black has to sacrifice a pawn:} Nxf6 17.
dxe5 {and the compensation here is rather murky.}) 16. f3 $146 {So, White puts
a barrier on the long diagonal against Black's bishop. Now the idea behind the
manoeuvre Nf3-d2 becomes clear.} (16. Bb5 Bc6 17. a4 Qd6 (17... e5 $5 18. Bxf6
Nxf6 19. dxe5 Nd5 20. Ba6 Nf4 21. Qc4 Nxg2 22. Re2 Bb7 $1 23. Bxb7 Qxb7 24. Qe4
Qxe4 25. Rxe4 f5 $1 {saving the knight.} 26. exf6 (26. Rd4 Red8 $1 $11) 26...
Rxe4 27. Nxe4 Nf4 $11) 18. Bh4 Qd5 19. f3 $14 {1-0 (39) Koneru,H (2607)-Yuan,Y
(2026) China 2013}) 16... Nd5 (16... h6 17. Bh4 Nh5 {was also possible with
the same idea of bringing the knight to f4.}) 17. Bh4 Nf4 18. Qe3 Nd5 {Black
is moving his knight back and forth, hoping for a repetition. At this stage of
the game it's not bad as Black is not weakening anything, but putting the ball
in his opponent's court.} 19. Qd3 (19. Bxd5 Bxd5 20. c4 Bb7 21. Bg3 Qd8 {
is nothing special for White.}) 19... Nf4 20. Qc2 {Of course, Tomashevsky
avoids repetition.} Bd5 $6 {Continuing the same strategy of not doing anything.
It was the right time to do something constructive.} (20... Nf8 {transferring
the knight to g6 is logical and standard for this kind of position.} 21. Bg3
N8g6 22. Bd3 e5 {Here some immense complications could arise.} 23. Bxf4 (23.
Bxg6 Nxg6 $11) 23... Nxf4 $1 24. Bxh7+ Kf8 $3 {Some good calculation is
required to understand why the king should go here.} (24... Kh8 25. Bf5 Rcd8
26. g3 exd4 27. Rxe8+ Rxe8 28. gxf4 Qxf4 29. cxd4 Re2 $4 30. Qc8+ {reveals the
drawback of the king in the corner.}) 25. Bf5 Rcd8 26. g3 exd4 $1 27. Rxe8+
Rxe8 28. gxf4 Qxf4 29. Qd3 (29. cxd4 $4 Re2 $19) 29... Bxf3 30. Qxf3 Qxd2 31.
Rf1 dxc3 {with a dynamically balanced position.}) 21. Ba6 $1 Bb7 22. Bf1 {
White improves his position, as the bishop on c4 was doing nothing.} e5 (22...
Nf8 23. c4 e5 24. Nb3) 23. Qb2 h6 24. Bg3 Nh5 25. Bf2 Nhf6 $6 {Too passive.
This move doesn't go well in combination with the active 22...e5. Black needs
to have at least one active piece!} (25... Nf4 26. Qa3 {White is slightly
better, but doesn't have such a strong initiative as he got in the game.} (26.
Nc4 $6 Ba6 27. Nd6 (27. Nxb6 $2 Bxf1 28. Nxc8 Bc4 {[%cal Gf4d3]}) 27... Bxf1
28. Nxe8 Rxe8 29. Rxf1 Nd3 $11)) 26. Nc4 $16 {Now Black has every reason to
get worried. White is threatening Qa3 and Bg3, benefiting from the wekness of
the dark squares.} Bd5 (26... Ba6 $2 27. Nxb6 $1 Bxf1 28. Nxc8 Bc4 29. Nxa7
Qxa7 30. dxe5 $18) 27. Ne3 exd4 $6 {Opening the position favours White who has
the bishop pair.} (27... Be6 {would be the lesser evil.}) 28. cxd4 Qf4 29. Rxc8
Rxc8 30. Qb5 $1 {Black's pieces are not stable.} Bc6 31. Qa6 Qb8 $6 {The Pa7
is not really hanging, so it was possible to move the rook.} (31... Rd8 $16 32.
Qxa7 $4 Ra8 $19 {[%csl Ra7]}) 32. Nf5 {White is in control now.} Bb7 $6 (32...
Nd5 33. Ne7+ (33. Bc4 N7f6 34. Re7 {is another attractive possibility.}) 33...
Nxe7 34. Rxe7 Re8 35. Bg3 Qd8 36. Rxe8+ Qxe8 37. Qxa7 Qe3+ 38. Bf2 {Here Black
could still hope to block White's extra pawn.}) 33. Qa4 $18 Rd8 34. Bg3 Qa8 35.
Bc7 $6 {White has numerous tempting options. The move in the text is not the
most precise.} ({For example} 35. Bc4 Bd5 {and now} 36. Bc7 $18) 35... Rf8 (
35... Re8 36. Rxe8+ Qxe8 37. Qxa7 {is a pawn down without compensation, but
was still more resistant.}) 36. Bd6 Rd8 37. Bc7 {Gaining some time on the
clock.} Rf8 38. Bd6 Rd8 39. Be7 Rb8 40. Bb5 a6 ({There is no perpetual after} 
40... Bxf3 41. Bxd7 Nxd7 42. gxf3 Qxf3 43. Qxd7 Qg4+ 44. Kf2 Qf4+ 45. Ke2 $18)
41. Bxd7 {Since the opening this knight hasn't made a single move and has
finally been captured.} b5 42. Qa3 Nxd7 43. Qd6 Bxf3 {The last chance.} (43...
Nf8 44. Bxf8 Rxf8 45. Qe5 f6 46. Qg3 Rf7 47. Nxh6+ $18) 44. Qg3 {White doesn't
care and continues the assault on the dark squares.} g6 45. Nxh6+ Kh7 46. Nxf7
Bh5 47. Qg5 1-0

[Event "Tbilisi FIDE GP"]
[Site "Tbilisi"]
[Date "2015.02.15"]
[Round "1"]
[White "Tomashevsky, Evgeny"]
[Black "Jobava, Baadur"]
[Result "1-0"]
[WhiteElo "2716"]
[BlackElo "2696"]
[Annotator "Mikhalchishin,A"]
[PlyCount "94"]
[EventDate "2015.02.15"]
[EventType "tourn"]
[EventRounds "11"]
[EventCountry "GEO"]
[EventCategory "20"]
[SourceTitle "CBM 165"]
[Source "ChessBase"]
[SourceDate "2015.03.11"]
[SourceVersion "1"]
[SourceVersionDate "2015.03.11"]
[SourceQuality "1"]

1. d4 Nf6 2. c4 g6 3. Nc3 Bg7 4. e4 O-O 5. Nf3 c6 {Jobava choses some sort of
mixture of King's Indian and Slav. But theory evaluates this balancing act as
very dangerous for Black himself!} 6. Be2 d5 7. e5 Ne4 8. O-O Nxc3 9. bxc3 Nd7
10. a4 ({An attack on the other side:} 10. cxd5 {seems to be equally strong:}
cxd5 11. h4 Nb6 12. h5 Bg4 13. Ng5 Bxe2 14. Qxe2 Qc8 15. e6 fxe6 16. hxg6 hxg6
17. Qg4 Rf6 18. Ba3 Qd7 19. Rae1 {Berg,K (2375)-Nunn,J (2575)/Germany 1984/
GER-chT (53) with a strong initiative.}) 10... Nb6 (10... dxc4 {is not the
best choice:} 11. Bxc4 Nb6 12. Be2 Nd5 13. Qb3 Qb6 14. Qa3 a5 15. Bd2 Bf5 16.
Ra2 Qd8 17. Rb2 Bc8 18. Re1 {Jahnel,G (2329)-Gutman,L (2497)/Nuremberg 2008)
with a clear advantage.}) 11. cxd5 cxd5 12. Qb3 ({A possible way was} 12. Nd2
Be6 13. a5 Nc4 14. Nxc4 dxc4 15. Bf3 Bd5 16. Re1 b5 17. axb6 axb6 18. Rb1 e6
19. Bxd5 exd5 20. Qg4 Ra2 21. Bg5 {Buhmann,R (2569)-Moser,E (2436)/Austria
2014 with better play.}) 12... Qc7 13. Nd2 Be6 14. a5 Nd7 ({White would get a
better endgame after the logical} 14... Nc4 15. Nxc4 dxc4 16. Qb4 Bd5 17. Ba3
e6 18. Qc5) 15. c4 $6 (15. Ba3 {would be much safer.}) 15... Nxe5 $5 {Typical
Jobava, with his aim being to change radically the situation on the board.} 16.
cxd5 (16. dxe5 $2 {was obviously wrong:} Qxe5 $17 {with a1 and e2 currently
under attack.}) 16... Ng4 17. Qh3 $5 {Provoking Jobava into more sacrifices.} (
{Simple development with} 17. Nf3 {was very smart:} Bf5 18. Ba3 $13) 17... Bxd4
$2 ({Here the only correct way was} 17... Nxf2 $1 18. Qh4 Ng4 $1 (18... Bg4 $5)
19. dxe6 Bxd4+ 20. Kh1 Bxa1 21. Qxg4 f5 22. Qf3 {and the two pieces should
give White some advantage over the rook and two pawns.}) 18. dxe6 Nxf2 19. Rxf2
(19. Qh4 {would simply transpose to the variation given above, but White
choses a much stronger move.}) 19... fxe6 20. Qxe6+ Kh8 21. Bb2 $1 ({This is
much stronger than the other possibility} 21. Nf3 Bxa1 22. Be3 $14) 21... Bxb2
22. Rxf8+ Rxf8 23. Rf1 {White has kept an extra piece and continues his
strategy of chopping away at the remaining wood.} Rxf1+ 24. Nxf1 Qxa5 (24...
Qe5 {did not help:} 25. Qxe5+ Bxe5 26. Ne3 Bc3 27. Nc4) 25. Qxe7 Qf5 ({It was
better to try small tricks after} 25... Qb6+ 26. Kh1 Qf2) 26. Ne3 Qc8 27. Bg4 (
{A slightly simpler technical task would follow} 27. g3 Bg7 28. Kg2) 27... Qb8
28. Nd5 b5 29. Bd7 a6 30. g3 Bg7 31. Kg2 Qf8 32. Qe4 Qd6 33. Bc8 a5 34. Qe8+
Qf8 {It is a sad necessity to have to exchange queens, as any other defence is
simply losing.} (34... Bf8 35. Be6 b4 36. Qf7) 35. Qxf8+ Bxf8 36. Bd7 b4 37.
Ba4 Bd6 38. Kf3 Kg7 39. h3 h5 40. Bc2 g5 41. g4 hxg4+ 42. hxg4 Kf7 43. Ke4 Ke6
44. Bb3 Kd7 45. Ba4+ Ke6 46. Nb6 Bc7 47. Nc4 Bd8 1-0

[Event "Tbilisi FIDE GP"]
[Site "Tbilisi"]
[Date "2015.02.25"]
[Round "9"]
[White "Tomashevsky, Evgeny"]
[Black "Kasimdzhanov, Rustam"]
[Result "1-0"]
[WhiteElo "2716"]
[BlackElo "2705"]
[Annotator "Pavlovic,M"]
[PlyCount "59"]
[EventDate "2015.02.15"]
[EventType "tourn"]
[EventRounds "11"]
[EventCountry "GEO"]
[EventCategory "20"]
[SourceTitle "CBM 165"]
[Source "ChessBase"]
[SourceDate "2015.03.11"]
[SourceVersion "1"]
[SourceVersionDate "2015.03.11"]
[SourceQuality "1"]

1. d4 Nf6 2. c4 g6 3. Nc3 Bg7 4. e4 d6 5. Nf3 O-O 6. h3 e5 7. d5 Nh5 8. g3 {
A highly popular line for White which has recently been tested many times,
Tomashevsky surely believes in the white position.} f5 ({A very recent example
is} 8... a5 9. Nh2 Na6 10. Be2 Nf6 11. Ng4 Nd7 12. Nh6+ Kh8 13. h4 Ndc5 14. g4
f5 15. h5 fxe4 16. hxg6 Qf6 17. Nf5 Bxf5 18. gxf5 Qxf5 19. Rxh7+ Kg8 20. Be3
Qxg6 21. Rh5 Rf5 22. Kd2 Rxh5 23. Bxh5 Qg2 24. Qg1 Qxg1 25. Rxg1 Kf8 26. Bg6
$11 {1/2-1/2 (50) Xiu Deshun (2543)-Kokarev,D (2645) Moscow 2015}) 9. exf5 gxf5
10. Nh4 Nf4 (10... Nf6 11. Bd3 (11. Bg5 Na6 12. Bd3 h6 13. Be3 Nh7 14. f4 exf4
15. Bxf4 Ng5 16. Kf1 Bd7 17. Kg2 Nc5 18. Qc2 Qf6 19. Rae1 Nxd3 20. Qxd3 Rae8
$13 {1/2-1/2 (51) Tomashevsky,E (2716)-Giri,A (2797) Tbilisi 2015}) 11... e4
12. Be2 Nfd7 13. Ng2 Ne5 14. Nf4 Na6 15. Be3 Nc5 16. O-O Ng6 17. Qd2 Nxf4 18.
gxf4 a5 19. Kh2 Kh8 20. Rg1 Bf6 21. Rg3 Bd7 22. Rag1 Qe7 23. Nd1 $1 b6 24. Bd4
$1 $16 {1-0 (35) Nisipeanu,L (2652)-Vedmediuc,S (2401) Calimanesti-Caciulata
2014; Nice exemplary play by White.}) 11. Bd2 $5 {White doesn't rush with gxf4
he first prepares 0-0-0 and then the option of gxf4 is very real; actually the
idea is not new it was played before.} (11. gxf4 Qxh4 12. Rg1 Nd7 (12... exf4
13. Qd4 Qe7+ 14. Be2 Kh8 15. Qxf4 Nd7 16. Qg3 Nc5 17. Bg5 Qf7 18. Be3 f4 19.
Bxf4 Bf5 $44 {1/2-1/2 (44) Ushenina,A (2487)-Isgandarova,K (2190) Tromso 2014})
13. Nb5 exf4 14. Nxc7 Nc5 (14... Ne5 $1 15. Nxa8 Re8 16. Rxg7+ Kxg7 17. Kd2
Qxf2+ 18. Kc3 Re7 $44) 15. Rxg7+ Kxg7 16. Qd4+ Kg8 17. Kd1 Rb8 18. b4 Ne4 19.
Bb2 Nf6 20. Nb5 $36 {1-0 (27) Cheparinov,I (2690)-Vovk,Y (2591) Warsaw 2014})
11... Qe7 {Only now do we see a new idea.} (11... Na6 12. gxf4 Qxh4 13. fxe5
dxe5 14. Rg1 h6 15. Qf3 Bd7 16. O-O-O Nc5 17. Qe3 $18 {1-0 (21) Li,Y (1767)-Xu
Huahua (2125) Zhongshan 2013}) 12. Qc2 Na6 13. a3 Bd7 {We have reached a very
unclear position.} 14. O-O-O Kh8 (14... Nc5 15. Be3 $5 a5 (15... Ng6 16. Nxg6
hxg6 17. h4 f4 18. Bxc5 dxc5 19. Bd3 fxg3 20. fxg3 $16) 16. Kb1 a4 17. gxf4
Qxh4 18. Rg1 Kh8 19. Rxg7 Kxg7 20. fxe5 $44 {[%cal Ge5e6]}) 15. Kb1 Rae8 (15...
Nc5 16. Rg1 Ng6 17. Nxg6+ hxg6 18. b4 Na6 19. h4 e4 20. Rh1 Kg8 21. Be2 Qf6 22.
Ka2 $13) 16. Re1 Qf6 17. Rg1 Ng6 18. Nxg6+ Qxg6 19. f3 c6 {Too slow an idea in
my opinion; Black never got a chance to use the c-file.} (19... e4 $5 20. f4 $1
(20. fxe4 fxe4 21. Be3 Nc5 $13) 20... c5 $1 21. Nd1 Nc7 22. Bc3 Bd4 23. Qd2 Qf6
$13) 20. g4 cxd5 21. cxd5 Rc8 22. Bd3 Nc5 23. Bxf5 Bxf5 24. gxf5 Qxf5 25. Qxf5
Rxf5 26. Rg3 {Tomashevsky asesses the position correctly: so he simply enters
an endgame that gives him chances for an advantage.} Nb3 ({The alternative was
better:} 26... Rcf8 27. Reg1 Nb3 28. Be3 Rxf3 29. Rxg7 Rxe3 30. Rxb7 Nd2+ 31.
Ka2 Rxh3 32. Rg4 $36) 27. Be3 Nd4 28. Ne4 $16 Rd8 29. Reg1 Rf7 30. Ng5 1-0